000
00301nam a22001337a 4500
020
_a
NA
082
_2
22
_a
620.00151535
100
_a
Seshu, P.
245
_a
Textbook of finite element analysis /
250
_a
3rd ed.
260
_b
Prentice Hall,
_c
c2005.
300
_a
0
_b
ill. ;
942
_2
ddc
_c
CIVIL
999
_c
4288
_d
4288